| 000 | 00836nam a22002777a 4500 | ||
|---|---|---|---|
| 003 | OSt | ||
| 005 | 20170518101301.0 | ||
| 008 | 161008b xxu||||| |||| 00| 0 eng d | ||
| 010 | _a 88005155 | ||
| 020 | _a0023286318 | ||
| 040 |
_aMMU _cMMU _dMMU _beng |
||
| 050 | 0 | 0 |
_aTS183 _b.D4 1988 |
| 082 | 0 | 0 |
_a671 _219 |
| 100 | 1 |
_aDeGarmo, E. Paul _q(Ernest Paul), _d1907- |
|
| 245 | 1 | 0 |
_aMaterials and processes in manufacturing / _cE. Paul DeGarmo, J. Temple Black, Ronald A. Kohser. |
| 250 | _a7th ed. | ||
| 260 |
_aNew York : _bMacmillan Pub. Co., _cc1988. |
||
| 300 |
_ax, 1172 p. : _bill. ; _c25 cm. |
||
| 500 | _aIncludes index. | ||
| 504 | _aBibliography: p. 1151-1160. | ||
| 650 | 0 | _aManufacturing processes. | |
| 650 | 0 | _aMaterials. | |
| 700 | 1 | _aBlack, J. Temple. | |
| 700 | 1 | _aKohser, Ronald A. | |
| 942 |
_2lcc _cLOAN LOAN |
||
| 999 |
_c19424 _d19424 |
||